{"text_format":"3","workbook":"xlsx","n_sheets":1,"sheets":["t194"],"read":"whole","date_system":"1900"}

{"sheet":"t194","index":0,"n_rows":219,"n_cols":7,"rows_kept":219,"merged":[[0,0,0,6],[28,0,28,5],[49,0,49,5],[173,0,173,5]]}
["TABELA 194.1 - Estatísticas Agrícolas, Município de Getulina, Estado de São Paulo, 2016/17."]
["ITEM","UNIDADE","N.DE UPAs","MÍNIMO","MÉDIO","MÁXIMO","TOTAL"]
["Distância à sede do município","km",642,0.5,{"v":13.14,"d":"13.1"},{"v":53,"d":"53.0"},"-"]
["Área total","hectare",642,0.6,{"v":105.64,"d":"105.6"},{"v":4599.7,"d":"4,599.7"},{"v":67823.63,"d":"67,823.6"}]
["Área com cultura perene","hectare",155,0.1,{"v":23.65,"d":"23.7"},{"v":929,"d":"929.0"},{"v":3665.4,"d":"3,665.4"}]
["Área com cultura temporária","hectare",311,0.1,{"v":94.64,"d":"94.6"},{"v":2852.6,"d":"2,852.6"},{"v":29434.52,"d":"29,434.5"}]
["Área com pastagem","hectare",476,0.3,{"v":53.67,"d":"53.7"},{"v":4091.7,"d":"4,091.7"},{"v":25546.2,"d":"25,546.2"}]
["Área com reflorestamento","hectare",68,0.1,{"v":15.53,"d":"15.5"},{"v":640,"d":"640.0"},{"v":1056.3,"d":"1,056.3"}]
["Área com vegetação natural","hectare",221,0.1,17.3,632.2,{"v":3824.3,"d":"3,824.3"}]
["Área com vegetação de brejo e várzea","hectare",275,{"v":0.05,"d":"0.1"},{"v":9.93,"d":"9.9"},{"v":533.79,"d":"533.8"},{"v":2730.9,"d":"2,730.9"}]
["Área em descanso","hectare",31,0.1,{"v":19.75,"d":"19.8"},338.8,612.4]
["Área complementar","hectare",495,{"v":0.07,"d":"0.1"},{"v":1.93,"d":"1.9"},{"v":358.05,"d":"358.1"},{"v":953.61,"d":"953.6"}]
["Área das UPAs com (0, 1] ha","hectare",20,0.6,{"v":0.98,"d":"1.0"},{"v":1,"d":"1.0"},19.5]
["Área das UPAs com (1, 2] ha","hectare",13,1.2,{"v":1.84,"d":"1.8"},{"v":2,"d":"2.0"},23.9]
["Área das UPAs com (2, 5] ha","hectare",79,{"v":2.08,"d":"2.1"},{"v":3.42,"d":"3.4"},{"v":5,"d":"5.0"},{"v":269.91,"d":"269.9"}]
["Área das UPAs com (5, 10] ha","hectare",72,5.1,{"v":7.47,"d":"7.5"},9.8,{"v":537.52,"d":"537.5"}]
["Área das UPAs com (10, 20] ha","hectare",143,10.3,{"v":15.02,"d":"15.0"},{"v":20,"d":"20.0"},{"v":2147.16,"d":"2,147.2"}]
["Área das UPAs com (20, 50] ha","hectare",135,20.5,{"v":32.49,"d":"32.5"},49.6,{"v":4386.19,"d":"4,386.2"}]
["Área das UPAs com (50, 100] ha","hectare",63,50.9,{"v":69.63,"d":"69.6"},98.9,{"v":4386.65,"d":"4,386.7"}]
["Área das UPAs com (100, 200] ha","hectare",41,100.4,{"v":136.66,"d":"136.7"},198.4,{"v":5602.9,"d":"5,602.9"}]
["Área das UPAs com (200, 500] ha","hectare",46,200.8,327.2,{"v":497,"d":"497.0"},{"v":15051.08,"d":"15,051.1"}]
["Área das UPAs com (500, 1.000] ha","hectare",20,522.7,{"v":694.15,"d":"694.2"},949.4,{"v":13882.9,"d":"13,882.9"}]
["Área das UPAs com (1.000, 2.000] ha","hectare",7,{"v":1221.4,"d":"1,221.4"},{"v":1463.66,"d":"1,463.7"},{"v":1783.6,"d":"1,783.6"},{"v":10245.6,"d":"10,245.6"}]
["Área das UPAs com (2.000, 5.000] ha","hectare",3,{"v":2764.5,"d":"2,764.5"},{"v":3756.77,"d":"3,756.8"},{"v":4599.7,"d":"4,599.7"},{"v":11270.32,"d":"11,270.3"}]
["Área das UPAs com (5.000, 10.000] ha","hectare","-","-","-","-","-"]
["Área das UPAs acima de 10.000 ha","hectare","-","-","-","-","-"]
["Fonte: Secretaria de Agricultura e Abastecimento, CDRS/IEA, Projeto LUPA."]
[]
["TABELA 194.2 - Explorações Animais, Município de Getulina, Estado de São Paulo, 2016/17."]
["ITEM","UNIDADE","N.DE UPAs","MÍNIMO","MÉDIO","MÁXIMO","TOTAL"]
["Apicultura","colmeias",3,{"v":10,"d":"10.0"},{"v":30,"d":"30.0"},{"v":40,"d":"40.0"},{"v":90,"d":"90.0"}]
["Asininos e muares","cabecas",18,{"v":1,"d":"1.0"},{"v":5.72,"d":"5.7"},{"v":41,"d":"41.0"},{"v":103,"d":"103.0"}]
["Avicultura de corte","cabecas/ano",6,{"v":1,"d":"1.0"},{"v":9036.33,"d":"9,036.3"},{"v":54000,"d":"54,000.0"},{"v":54218,"d":"54,218.0"}]
["Avicultura ornamental/decorativa/exotica","cabecas",3,{"v":2,"d":"2.0"},{"v":40.67,"d":"40.7"},{"v":100,"d":"100.0"},{"v":122,"d":"122.0"}]
["Avicultura para ovos","cabecas",4,{"v":15,"d":"15.0"},{"v":55.25,"d":"55.3"},{"v":130,"d":"130.0"},{"v":221,"d":"221.0"}]
["Bovinocultura de corte","cabecas",177,{"v":1,"d":"1.0"},{"v":179.68,"d":"179.7"},{"v":4300,"d":"4,300.0"},{"v":31804,"d":"31,804.0"}]
["Bovinocultura leiteira","cabecas",102,{"v":2,"d":"2.0"},{"v":22.03,"d":"22.0"},{"v":160,"d":"160.0"},{"v":2247,"d":"2,247.0"}]
["Bovinocultura mista","cabecas",71,{"v":3,"d":"3.0"},{"v":31.89,"d":"31.9"},{"v":240,"d":"240.0"},{"v":2264,"d":"2,264.0"}]
["Bubalinocultura","cabecas",2,{"v":6,"d":"6.0"},50.5,{"v":95,"d":"95.0"},{"v":101,"d":"101.0"}]
["Caprinocultura","cabecas",5,{"v":2,"d":"2.0"},46.2,{"v":200,"d":"200.0"},{"v":231,"d":"231.0"}]
["Cunicultura","cabecas",1,{"v":150,"d":"150.0"},{"v":150,"d":"150.0"},{"v":150,"d":"150.0"},{"v":150,"d":"150.0"}]
["Equinocultura","cabecas",179,{"v":1,"d":"1.0"},{"v":5.03,"d":"5.0"},{"v":140,"d":"140.0"},{"v":900,"d":"900.0"}]
["Ooutra exploracao animal","cabecas",86,{"v":5,"d":"5.0"},{"v":40.73,"d":"40.7"},{"v":200,"d":"200.0"},{"v":3503,"d":"3,503.0"}]
["Ovinocultura","cabecas",24,{"v":2,"d":"2.0"},{"v":37.25,"d":"37.3"},{"v":163,"d":"163.0"},{"v":894,"d":"894.0"}]
["Piscicultura","m2 tanques",1,{"v":3000,"d":"3,000.0"},{"v":3000,"d":"3,000.0"},{"v":3000,"d":"3,000.0"},{"v":3000,"d":"3,000.0"}]
["Sericicultura","gramas larvas/ano",2,{"v":1,"d":"1.0"},35.5,{"v":70,"d":"70.0"},{"v":71,"d":"71.0"}]
["Suinocultura","cabecas",66,{"v":1,"d":"1.0"},{"v":13.38,"d":"13.4"},{"v":100,"d":"100.0"},{"v":883,"d":"883.0"}]
["Fonte: Secretaria de Agricultura e Abastecimento, CDRS/IEA, Projeto LUPA."]
[]
["TABELA 194.3 -  Máquinas, Implementos e Benfeitorias, Município de Getulina, Estado de São Paulo, 2016/17."]
["ITEM","UNIDADE","N.DE UPAs","MÍNIMO","MÉDIO","MÁXIMO","TOTAL"]
["Arado comum (bacia, aiveca)","unidade",85,{"v":1,"d":"1.0"},{"v":1.29,"d":"1.3"},{"v":5,"d":"5.0"},{"v":110,"d":"110.0"}]
["Arado escarificador","unidade",26,{"v":1,"d":"1.0"},{"v":1.19,"d":"1.2"},{"v":3,"d":"3.0"},{"v":31,"d":"31.0"}]
["Arado subsolador","unidade",11,{"v":1,"d":"1.0"},{"v":1.18,"d":"1.2"},{"v":2,"d":"2.0"},{"v":13,"d":"13.0"}]
["Batedeira de cereais","unidade",6,{"v":1,"d":"1.0"},{"v":1,"d":"1.0"},{"v":1,"d":"1.0"},{"v":6,"d":"6.0"}]
["Camara fria","unidade",3,{"v":1,"d":"1.0"},{"v":1,"d":"1.0"},{"v":1,"d":"1.0"},{"v":3,"d":"3.0"}]
["Carregadeira de cana","unidade",2,{"v":1,"d":"1.0"},{"v":1,"d":"1.0"},{"v":1,"d":"1.0"},{"v":2,"d":"2.0"}]
["Carreta de trator","unidade",63,{"v":1,"d":"1.0"},1.4,{"v":5,"d":"5.0"},{"v":88,"d":"88.0"}]
["Colhedeira acoplada","unidade",5,{"v":1,"d":"1.0"},1.4,{"v":3,"d":"3.0"},{"v":7,"d":"7.0"}]
["Colhedeira automotriz","unidade",3,{"v":1,"d":"1.0"},{"v":1,"d":"1.0"},{"v":1,"d":"1.0"},{"v":3,"d":"3.0"}]
["Computador","unidade",5,{"v":1,"d":"1.0"},{"v":3,"d":"3.0"},{"v":10,"d":"10.0"},{"v":15,"d":"15.0"}]
["Conj.irrigacao autopropelido","unidade",2,{"v":1,"d":"1.0"},2.5,{"v":4,"d":"4.0"},{"v":5,"d":"5.0"}]
["Conj.irrigacao convencional","unidade",10,{"v":1,"d":"1.0"},1.1,{"v":2,"d":"2.0"},{"v":11,"d":"11.0"}]
["Conj.irrigacao pivot central","unidade",1,{"v":1,"d":"1.0"},{"v":1,"d":"1.0"},{"v":1,"d":"1.0"},{"v":1,"d":"1.0"}]
["Conj.irrigacao/gotejamento/microaspersao","unidade",6,{"v":1,"d":"1.0"},{"v":2,"d":"2.0"},{"v":7,"d":"7.0"},{"v":12,"d":"12.0"}]
["Desintegrador de palha (plantio direto)","unidade",2,{"v":1,"d":"1.0"},{"v":1,"d":"1.0"},{"v":1,"d":"1.0"},{"v":2,"d":"2.0"}]
["Desintegrador, picador, triturador","unidade",117,{"v":1,"d":"1.0"},{"v":1.09,"d":"1.1"},{"v":3,"d":"3.0"},{"v":128,"d":"128.0"}]
["Distribuidor de calcario","unidade",32,{"v":1,"d":"1.0"},{"v":1.31,"d":"1.3"},{"v":5,"d":"5.0"},{"v":42,"d":"42.0"}]
["Embarcação","unidade",1,{"v":1,"d":"1.0"},{"v":1,"d":"1.0"},{"v":1,"d":"1.0"},{"v":1,"d":"1.0"}]
["Ensiladeira","unidade",23,{"v":1,"d":"1.0"},{"v":1.17,"d":"1.2"},{"v":4,"d":"4.0"},{"v":27,"d":"27.0"}]
["Grade aradora (tipo romi)","unidade",31,{"v":1,"d":"1.0"},{"v":1.19,"d":"1.2"},{"v":3,"d":"3.0"},{"v":37,"d":"37.0"}]
["Grade niveladora","unidade",66,{"v":1,"d":"1.0"},{"v":1.23,"d":"1.2"},{"v":3,"d":"3.0"},{"v":81,"d":"81.0"}]
["Implementos para tracao animal","unidade",15,{"v":1,"d":"1.0"},1.8,{"v":7,"d":"7.0"},{"v":27,"d":"27.0"}]
["Máquina de classificar frutas","unidade",1,{"v":1,"d":"1.0"},{"v":1,"d":"1.0"},{"v":1,"d":"1.0"},{"v":1,"d":"1.0"}]
["Misturador de racao","unidade",11,{"v":1,"d":"1.0"},{"v":1.18,"d":"1.2"},{"v":2,"d":"2.0"},{"v":13,"d":"13.0"}]
["Mmicrotrator","unidade",14,{"v":1,"d":"1.0"},{"v":1,"d":"1.0"},{"v":1,"d":"1.0"},{"v":14,"d":"14.0"}]
["Ordenhadeira mecanica","unidade",14,{"v":1,"d":"1.0"},{"v":1.36,"d":"1.4"},{"v":4,"d":"4.0"},{"v":19,"d":"19.0"}]
["Pulverizador tratorizado","unidade",39,{"v":1,"d":"1.0"},{"v":1.64,"d":"1.6"},{"v":10,"d":"10.0"},{"v":64,"d":"64.0"}]
["Resfriador de leite, tanque expansao","unidade",10,{"v":1,"d":"1.0"},1.1,{"v":2,"d":"2.0"},{"v":11,"d":"11.0"}]
["Roçadeira costal","unidade",20,{"v":1,"d":"1.0"},{"v":1.05,"d":"1.1"},{"v":2,"d":"2.0"},{"v":21,"d":"21.0"}]
["Roçadeira tratorizada","unidade",28,{"v":1,"d":"1.0"},{"v":1.18,"d":"1.2"},{"v":2,"d":"2.0"},{"v":33,"d":"33.0"}]
["Roçadora","unidade",22,{"v":1,"d":"1.0"},{"v":1.23,"d":"1.2"},{"v":3,"d":"3.0"},{"v":27,"d":"27.0"}]
["Semeadeira/adubadeira para plantio convencional","unidade",20,{"v":1,"d":"1.0"},1.1,{"v":2,"d":"2.0"},{"v":22,"d":"22.0"}]
["Semeadeira/plantadeira plantio direto","unidade",9,{"v":1,"d":"1.0"},{"v":1,"d":"1.0"},{"v":1,"d":"1.0"},{"v":9,"d":"9.0"}]
["Tecnologias de gps para controle de máquinas","unidade",1,{"v":1,"d":"1.0"},{"v":1,"d":"1.0"},{"v":1,"d":"1.0"},{"v":1,"d":"1.0"}]
["Terraceador","unidade",9,{"v":1,"d":"1.0"},{"v":1,"d":"1.0"},{"v":1,"d":"1.0"},{"v":9,"d":"9.0"}]
["Trator de esteiras","unidade",5,{"v":1,"d":"1.0"},{"v":1,"d":"1.0"},{"v":1,"d":"1.0"},{"v":5,"d":"5.0"}]
["Trator de pneus  acima de 85 cv","unidade",12,{"v":1,"d":"1.0"},{"v":1.75,"d":"1.8"},{"v":4,"d":"4.0"},{"v":21,"d":"21.0"}]
["Trator de pneus até 65 cv","unidade",93,{"v":1,"d":"1.0"},{"v":1.49,"d":"1.5"},{"v":13,"d":"13.0"},{"v":139,"d":"139.0"}]
["Trator de pneus de 66 cv a 85 cv","unidade",27,{"v":1,"d":"1.0"},{"v":2.74,"d":"2.7"},{"v":25,"d":"25.0"},{"v":74,"d":"74.0"}]
["Acude/represa","unidade",118,{"v":1,"d":"1.0"},{"v":2.25,"d":"2.3"},{"v":15,"d":"15.0"},{"v":265,"d":"265.0"}]
["Alambique","unidade",1,{"v":1,"d":"1.0"},{"v":1,"d":"1.0"},{"v":1,"d":"1.0"},{"v":1,"d":"1.0"}]
["Almoxarifado/oficina","unidade",23,{"v":1,"d":"1.0"},1.3,{"v":2,"d":"2.0"},{"v":30,"d":"30.0"}]
["Armazem para graos ensacados","sacas",9]
["Balanca para bovinos","unidade",15,{"v":1,"d":"1.0"},{"v":1.07,"d":"1.1"},{"v":2,"d":"2.0"},{"v":16,"d":"16.0"}]
["Balanca para veiculos","unidade",6,{"v":1,"d":"1.0"},{"v":1,"d":"1.0"},{"v":1,"d":"1.0"},{"v":6,"d":"6.0"}]
["Barracao para bicho da seda/sirgaria","unidade",27,{"v":1,"d":"1.0"},{"v":1.22,"d":"1.2"},{"v":3,"d":"3.0"},{"v":33,"d":"33.0"}]
["Barracao para cultivo de cogumelo","unidade",1,{"v":2,"d":"2.0"},{"v":2,"d":"2.0"},{"v":2,"d":"2.0"},{"v":2,"d":"2.0"}]
["Barracao para granja/avicultura","unidade",10,{"v":1,"d":"1.0"},2.6,{"v":5,"d":"5.0"},{"v":26,"d":"26.0"}]
["Barracao/galpao/garagem","unidade",165,{"v":1,"d":"1.0"},{"v":1.27,"d":"1.3"},{"v":4,"d":"4.0"},{"v":210,"d":"210.0"}]
["Biodigestor","unidade",4,{"v":1,"d":"1.0"},{"v":1.25,"d":"1.3"},{"v":2,"d":"2.0"},{"v":5,"d":"5.0"}]
["Casa de moradia habitada","unidade",366,{"v":1,"d":"1.0"},{"v":1.58,"d":"1.6"},{"v":23,"d":"23.0"},{"v":578,"d":"578.0"}]
["Casa de moradia total","unidade",440,{"v":1,"d":"1.0"},{"v":1.98,"d":"2.0"},{"v":36,"d":"36.0"},{"v":871,"d":"871.0"}]
["Curral/mangueira","unidade",264,{"v":1,"d":"1.0"},{"v":1.08,"d":"1.1"},{"v":4,"d":"4.0"},{"v":286,"d":"286.0"}]
["Deposito/tulha","unidade",183,{"v":1,"d":"1.0"},{"v":1.15,"d":"1.2"},{"v":4,"d":"4.0"},{"v":210,"d":"210.0"}]
["Estabulo","unidade",17,{"v":1,"d":"1.0"},{"v":1.41,"d":"1.4"},{"v":6,"d":"6.0"},{"v":24,"d":"24.0"}]
["Estacao/posto meteorologico","unidade",2,{"v":1,"d":"1.0"},{"v":1,"d":"1.0"},{"v":1,"d":"1.0"},{"v":2,"d":"2.0"}]
["Estufa/plasticultura","m2",3]
["Fabrica de racao","unidade",7,{"v":1,"d":"1.0"},{"v":1,"d":"1.0"},{"v":1,"d":"1.0"},{"v":7,"d":"7.0"}]
["Instalacoes para equinos","unidade",5,{"v":1,"d":"1.0"},4.2,{"v":16,"d":"16.0"},{"v":21,"d":"21.0"}]
["Maquina de beneficio","unidade",8,{"v":1,"d":"1.0"},{"v":1.13,"d":"1.1"},{"v":2,"d":"2.0"},{"v":9,"d":"9.0"}]
["Olaria","unidade",1,{"v":1,"d":"1.0"},{"v":1,"d":"1.0"},{"v":1,"d":"1.0"},{"v":1,"d":"1.0"}]
["Packing house","unidade",1,{"v":1,"d":"1.0"},{"v":1,"d":"1.0"},{"v":1,"d":"1.0"},{"v":1,"d":"1.0"}]
["Pocilga","unidade",44,{"v":1,"d":"1.0"},{"v":1,"d":"1.0"},{"v":1,"d":"1.0"},{"v":44,"d":"44.0"}]
["Poco semi-artesiano","unidade",156,{"v":1,"d":"1.0"},{"v":1.07,"d":"1.1"},{"v":3,"d":"3.0"},{"v":167,"d":"167.0"}]
["Secador de graos","unidade",2,{"v":1,"d":"1.0"},{"v":1,"d":"1.0"},{"v":1,"d":"1.0"},{"v":2,"d":"2.0"}]
["Silo para graos","ton",4]
["Silo para silagem","ton",7]
["Terreiro","m2",75]
["Fonte: Secretaria de Agricultura e Abastecimento, CDRS/IEA, Projeto LUPA."]
[]
["TABELA 194.4 - Outras Estatísticas Agrícolas, Município de Getulina, Estado de São Paulo, 2016/17."]
["ITEM","Número de UPAs",null,"Percentual"]
["Faz Parte de Associação de Produtores",99,null,{"v":15.42056074766355,"d":"15.4"}]
["Faz Parte de Cooperativa de Produtores",183,null,{"v":28.50467289719626,"d":"28.5"}]
["Faz Parte do Sindicato de Produtores",53,null,{"v":8.255451713395638,"d":"8.3"}]
["Não utiliza assistência técnica ",258,null,{"v":40.18691588785047,"d":"40.2"}]
["Utiliza somente assistência técnica governamental ",156,null,{"v":24.299065420560748,"d":"24.3"}]
["Utiliza somente assistência técnica privada ",71,null,{"v":11.059190031152648,"d":"11.1"}]
["Utiliza assistência técnica tanto governamental quanto privada",157,null,{"v":24.45482866043614,"d":"24.5"}]
["Utiliza Crédito Rural",140,null,{"v":21.806853582554517,"d":"21.8"}]
["Utiliza Seguro Rural",48,null,{"v":7.4766355140186915,"d":"7.5"}]
["Utiliza Escrituração Agrícola",370,null,{"v":57.63239875389408,"d":"57.6"}]
["Acessa Internet p/ Fins na Agropecuária",67,null,{"v":10.43613707165109,"d":"10.4"}]
["Utiliza Computador nas Atividades Agropecuárias",57,null,{"v":8.878504672897195,"d":"8.9"}]
["Utiliza Energia Elétrica Para Uso na Atividade Agrícola",475,null,{"v":73.98753894080997,"d":"74.0"}]
["Utiliza Energia Alternativa",7,null,{"v":1.090342679127726,"d":"1.1"}]
["Realiza Análise de Solo, quando necessário",267,null,{"v":41.58878504672897,"d":"41.6"}]
["Realiza Calagem",186,null,{"v":28.971962616822427,"d":"29.0"}]
["Utiliza Práticas de Conservação de Solo, quando necessário",404,null,{"v":62.92834890965732,"d":"62.9"}]
["Faz Adubação Mineral, quando necessário",348,null,{"v":54.205607476635514,"d":"54.2"}]
["Faz Adubação Orgânica, quando necessário",253,null,{"v":39.40809968847352,"d":"39.4"}]
["Faz Adubação Verde, quando necessário",71,null,{"v":11.059190031152648,"d":"11.1"}]
["Utiliza Manejo Integrado de Pragas (MIP)",11,null,{"v":1.7133956386292837,"d":"1.7"}]
["Utiliza Hidroponia",1,null,{"v":0.15576323987538943,"d":"0.2"}]
["Utiliza Cultivo em Estufa",4,null,{"v":0.6230529595015577,"d":"0.6"}]
["Utiliza Mudas Fiscalizadas",220,null,{"v":34.267912772585674,"d":"34.3"}]
["Utiliza Semente Melhorada",137,null,{"v":21.33956386292835,"d":"21.3"}]
["Faz Confinamento de Bovinos",9,null,{"v":1.4018691588785048,"d":"1.4"}]
["Utiliza Pastejo Intensivo",42,null,{"v":6.542056074766355,"d":"6.5"}]
["Faz Inseminação Artificial",16,null,{"v":2.492211838006231,"d":"2.5"}]
["Faz Mineralização do Rebanho",288,null,{"v":44.85981308411215,"d":"44.9"}]
["Faz Vermifugação do Rebanho",289,null,{"v":45.01557632398754,"d":"45.0"}]
["Possui Parceiros /Arrendatários na Exploração Animal",95,null,{"v":14.797507788161994,"d":"14.8"}]
["Existência de trabalhadores c/ deficiência na UPA",5,null,{"v":0.7788161993769471,"d":"0.8"}]
["Esporte e lazer",7,null,{"v":1.090342679127726,"d":"1.1"}]
["Extração mineral","-",null,"-"]
["Hotel Fazenda, Pousada ou SPA","-",null,"-"]
["Pesque-pague",1,null,{"v":0.15576323987538943,"d":"0.2"}]
["Restaurante ou Lanchonete","-",null,"-"]
["Transformação artesanal","-",null,"-"]
["Turismo rural ou ecoturismo","-",null,"-"]
["Outras atividades econômicas rurais",1,null,{"v":0.15576323987538943,"d":"0.2"}]
["Agroindústria",2,null,{"v":0.3115264797507788,"d":"0.3"}]
["Proprietário sem instrução ou com instrução incompleta",7,null,{"v":1.090342679127726,"d":"1.1"}]
["Proprietário com antigo primário completo",141,null,{"v":21.962616822429904,"d":"22.0"}]
["Proprietário com 1° grau (ou antigo ginasial) completo",99,null,{"v":15.42056074766355,"d":"15.4"}]
["Proprietário com 2° grau (ou antigo colegial) completo",169,null,{"v":26.32398753894081,"d":"26.3"}]
["Proprietário com curso superior completo ",214,null,{"v":33.333333333333336,"d":"33.3"}]
["Pessoa Jurídica",12,null,{"v":1.8691588785046729,"d":"1.9"}]
["Proprietário residente na própria UPA ",178,null,{"v":27.725856697819317,"d":"27.7"}]
["Fonte: Secretaria de Agricultura e Abastecimento, CDRS/IEA, Projeto LUPA."]
[]
["TABELA 194.5 - Área Cultivada, Município de Getulina, Estado de São Paulo, 2016/17."]
["CULTURA","N.DE UPAs","MÍNIMO","MÉDIO","MÁXIMO","TOTAL"]
["Cana-de-acucar finalidade industria",174,0.5,{"v":154.51,"d":"154.5"},{"v":2852.6,"d":"2,852.6"},{"v":26884.2,"d":"26,884.2"}]
["Braquiaria",467,0.3,54.5,{"v":4091.7,"d":"4,091.7"},{"v":25452.8,"d":"25,452.8"}]
["Laranja Industria",9,14.7,304.1,{"v":929,"d":"929.0"},{"v":2736.9,"d":"2,736.9"}]
["Cana-de-acucar outras finalidades",93,0.1,{"v":17.47,"d":"17.5"},{"v":484,"d":"484.0"},{"v":1624.72,"d":"1,624.7"}]
["Eucalipto",67,0.1,{"v":15.31,"d":"15.3"},{"v":640,"d":"640.0"},{"v":1026,"d":"1,026.0"}]
["Amendoim",4,30.6,173.8,{"v":350,"d":"350.0"},695.2]
["Seringueira",24,{"v":1,"d":"1.0"},{"v":13.43,"d":"13.4"},{"v":130,"d":"130.0"},322.3]
["Cafe",64,0.1,{"v":4.05,"d":"4.1"},24.2,258.9]
["Banana",8,0.5,{"v":26.58,"d":"26.6"},91.9,212.6]
["Milho safra",27,0.4,2.7,14.5,72.9]
["Gramas",9,0.2,{"v":7.99,"d":"8.0"},34.5,71.9]
["Mandioca",27,0.1,{"v":2.34,"d":"2.3"},22.4,63.3]
["Batata-doce",10,0.2,{"v":5.49,"d":"5.5"},12.1,54.9]
["Outras florestais",4,0.4,{"v":7.58,"d":"7.6"},27.5,30.3]
["Outras olericolas",24,0.1,{"v":1.01,"d":"1.0"},{"v":4,"d":"4.0"},24.3]
["Abacate",3,{"v":2,"d":"2.0"},{"v":7.27,"d":"7.3"},16.8,21.8]
["Manga",5,0.2,{"v":4.16,"d":"4.2"},9.6,20.8]
["Macadamia (ou noz-macadamia)",5,0.6,{"v":4.08,"d":"4.1"},10.8,20.4]
["Pomar domestico",46,0.1,{"v":0.38,"d":"0.4"},2.4,17.6]
["Coloniao",7,0.5,{"v":2.41,"d":"2.4"},4.9,16.9]
["Goiaba",2,{"v":2,"d":"2.0"},{"v":5,"d":"5.0"},{"v":8,"d":"8.0"},{"v":10,"d":"10.0"}]
["Tangerina",3,0.5,{"v":3.07,"d":"3.1"},4.5,9.2]
["Amora (ou amora-branca)",3,1.3,2.7,3.6,8.1]
["Laranja destino misto",2,0.8,3.7,6.6,7.4]
["Lichia",1,{"v":7,"d":"7.0"},{"v":7,"d":"7.0"},{"v":7,"d":"7.0"},{"v":7,"d":"7.0"}]
["Pessego",1,{"v":6,"d":"6.0"},{"v":6,"d":"6.0"},{"v":6,"d":"6.0"},{"v":6,"d":"6.0"}]
["Outras culturas temporárias",4,{"v":1,"d":"1.0"},{"v":1.35,"d":"1.4"},2.4,5.4]
["Maracuja",1,{"v":5,"d":"5.0"},{"v":5,"d":"5.0"},{"v":5,"d":"5.0"},{"v":5,"d":"5.0"}]
["Capim-napier (ou capim-elefante)",7,0.1,{"v":0.66,"d":"0.7"},1.9,4.6]
["Laranja Mercado",2,1.8,1.9,{"v":2,"d":"2.0"},3.8]
["Abobora (ou jerimum)",6,0.1,{"v":0.32,"d":"0.3"},0.6,1.9]
["Pupunha",2,0.6,0.8,{"v":1,"d":"1.0"},1.6]
["Quiabo",4,0.1,{"v":0.38,"d":"0.4"},0.5,1.5]
["Abacaxi (ou ananas)",2,0.2,0.6,{"v":1,"d":"1.0"},1.2]
["Horta domestica",3,0.2,{"v":0.33,"d":"0.3"},0.4,{"v":1,"d":"1.0"}]
["Feijao",2,0.2,0.4,0.6,0.8]
["Jilo",2,0.1,0.3,0.5,0.6]
["Alface",3,0.1,0.2,0.4,0.6]
["Limao",1,0.5,0.5,0.5,0.5]
["Outras frutiferas",2,0.1,{"v":0.15,"d":"0.2"},0.2,0.3]
["Coco-da-baia",2,0.1,0.1,0.1,0.2]
["Cenoura",1,0.1,0.1,0.1,0.1]
["Cebolinha",1,0.1,0.1,0.1,0.1]
["Fonte: Secretaria de Agricultura e Abastecimento, CDRS/IEA, Projeto LUPA."]